Yellowstone
Explore Yellowstone National Park and see its natural wonders. Watch Old Faithful, enjoy the wildlife, and learn about Yellowstone's past.
Đã lưu trong:
| 企业作者: | |
|---|---|
| 格式: | 图书 |
| 语言: | Undetermined |
| 出版: |
Chicago
Questar
2013
|
| 主题: | |
| 标签: |
添加标签
没有标签, 成为第一个标记此记录!
|
| Thư viện lưu trữ: | Trung tâm Học liệu Trường Đại học Cần Thơ |
|---|
| LEADER | 00719nam a2200205Ia 4500 | ||
|---|---|---|---|
| 001 | CTU_226257 | ||
| 008 | 210402s9999 xx 000 0 und d | ||
| 082 | |a 551.7 | ||
| 082 | |b R286 | ||
| 110 | |a Reader's Digest Association | ||
| 245 | 0 | |a Yellowstone | |
| 245 | 0 | |c Reader's Digest Association | |
| 260 | |a Chicago | ||
| 260 | |b Questar | ||
| 260 | |c 2013 | ||
| 520 | |a Explore Yellowstone National Park and see its natural wonders. Watch Old Faithful, enjoy the wildlife, and learn about Yellowstone's past. | ||
| 650 | |a Địa chất học,Geology | ||
| 650 | |z Công viên đá vàng Quốc gia,Yellowstone National Park | ||
| 910 | |b dqhieu | ||
| 980 | |a Trung tâm Học liệu Trường Đại học Cần Thơ | ||